ZÁKLADY TEÓRIE GRAFOV I

Bibliographic Details
Main Author: Bosák, Juraj, 1933-1987 (Author)
Format: Article
Language:Slovak

MARC

LEADER 00000nab a2200000ua 4500
001 vtls010773576
003 SK-MaSNL
005 20260303104813.0
008 230121s1973 xo |||||||||||||||||slo|
035 |a (urnnbn)urn:nbn:sk:snk:ar-a04ju4 
035 |a (uuid)168cf584-1ea4-4d37-8fe3-0c42107499a1 
035 |a urn:nbn:sk:snk-ab4top 
040 |a SNKBUCL  |b slo  |c SNKBUCL  |e AACR2 
041 0 |a slo 
044 |a xo  |c SK 
100 1 |a Bosák, Juraj,  |d 1933-1987  |4 aut  |9 38420 
245 1 0 |a ZÁKLADY TEÓRIE GRAFOV I  |c Juraj Bosák 
773 0 |t Matematické obzory  |g Č. 3 (1973), s. 5-20 
954 |a odborná, vedecká literatúra pôvodná (slovenská)  |2 lita 
958 |a OND 
958 |a EUIPO 
958 |a article3 
999 |c 1858690  |d 1860620